Представление документа в формате MARC21

Поле Инд. ПП Название Значение
Тип записи a
Библиографический уровень b
001 Контрольный номер RU/IS/BASE/387644923
005 Дата корректировки 20200522191520.5
008 Кодируемые данные 20120413
084 a Индекс другой классификации/Индекс ББК 65.291.2; 65.052.2
100 1_ a Автор Овсийчук М.
100 1_ a Автор Дубров Д.
245 a Заглавие Особенности учета целевых поступлений в благотворительных организациях
504 a Библиография Библиогр.
520 a Аннотация Рассматриваются подходы к организации учета целевых поступлений в благотворительных организациях, выделены специфические объекты учета, такие как труд добровольцев, целевой капитал, предложена система учета в разрезе целевых программ и статей сметы.
650 a Основная рубрика бухгалтерский учет
a Основная рубрика менеджмент (управление предприятием)
a Основная рубрика учет
a Основная рубрика экономика
a Основная рубрика экономика предприятия
653 a Ключевые слова О благотворительной деятельности и благотворительных организациях (закон)
a Ключевые слова О порядке формирования и использования целевого капитала некоммерческих организаций (закон)
a Ключевые слова активы предприятия
a Ключевые слова аудит
a Ключевые слова благотворительность
a Ключевые слова благотворительные организации
a Ключевые слова контроль благотворительности
a Ключевые слова налоговый учет
a Ключевые слова некоммерческая деятельность
a Ключевые слова некоммерческие предприятия
a Ключевые слова пассивы предприятия
a Ключевые слова Россия
a Ключевые слова финансовый учет
a Ключевые слова хозяйственные операции
a Ключевые слова целевые денежные поступления
a Ключевые слова эффективность управления
773 t Заглавие источника РИСК: ресурсы, информация, снабжение, конкуренция
d Дата издания источника 2011
g Прочая информация № 4. - С. 726 - 730 : табл.
w Контрольный № источника RU/IS/BASE/384345860
901 t Тип документа b